| 000 | 00579nam a22001457a 4500 | ||
|---|---|---|---|
| 082 |
_a894.812.3 _bDHA/R |
||
| 100 | _aDHARMAJAN, AKHIL P | ||
| 245 | _aRAM C/O ANANDHI | ||
| 246 |
_aRAM C/O ANANDHI _bRAM C/O ANANDHI |
||
| 260 |
_aKOTTAYAM ,KERALA _bD C BOOKS _c2024 |
||
| 300 | _a320 | ||
| 520 | _aThis best selling book is about Sriram, a young man belonging from a coastal village in Alappuzha district, Kerala, and Anandhi — a woman from Sri Lanka, who comes to Chennai for studies. It is touted to be a romantic feel good story. | ||
| 650 | _aMALAYALAM NOVEL | ||
| 942 | _cBK | ||
| 999 |
_c8567 _d8567 |
||